Alle Sieger von F1-Rennen in Spanien - Statistiken

Allgemein
  • Dieses Quiz wurde 172 mal gespielt
    89 seit der letzten Aktualisierung
  • Das Durchschnittsergebnis liegt bei 51 aus 61
Antwortstatistiken
Nr. Jahr Strecke Konstrukteur
Nationalität
Sieger
% Korrekt
60 2022 Barcelona Red Bull NED Max Verstappen
100%
61 2023 Barcelona Red Bull NED Max Verstappen
100%
54 2016 Barcelona Red Bull NED Max Verstappen
100%
53 2015 Barcelona Mercedes GER Nico Rosberg
100%
46 2010 Valencia Red Bull GER Sebastian Vettel
100%
47 2011 Barcelona Red Bull GER Sebastian Vettel
100%
48 2011 Valencia Red Bull GER Sebastian Vettel
100%
39 2006 Barcelona Renault ESP Fernando Alonso
99%
50 2012 Valencia Ferrari ESP Fernando Alonso
99%
51 2013 Barcelona Ferrari ESP Fernando Alonso
99%
59 2021 Barcelona Mercedes GBR Lewis Hamilton
99%
52 2014 Barcelona Mercedes GBR Lewis Hamilton
99%
55 2017 Barcelona Mercedes GBR Lewis Hamilton
99%
56 2018 Barcelona Mercedes GBR Lewis Hamilton
99%
57 2019 Barcelona Mercedes GBR Lewis Hamilton
99%
58 2020 Barcelona Mercedes GBR Lewis Hamilton
99%
26 1994 Jerez Benetton GER Michael Schumacher
96%
27 1995 Barcelona Benetton GER Michael Schumacher
96%
28 1996 Barcelona Ferrari GER Michael Schumacher
96%
34 2001 Barcelona Ferrari GER Michael Schumacher
96%
35 2002 Barcelona Ferrari GER Michael Schumacher
96%
36 2003 Barcelona Ferrari GER Michael Schumacher
96%
37 2004 Barcelona Ferrari GER Michael Schumacher
96%
17 1986 Jerez Lotus BRA Ayrton Senna
91%
20 1989 Jerez McLaren BRA Ayrton Senna
91%
38 2005 Barcelona McLaren FIN Kimi Räikkönen
91%
41 2008 Barcelona Ferrari FIN Kimi Räikkönen
91%
30 1997 Jerez McLaren FIN Mika Häkkinen
88%
31 1998 Barcelona McLaren FIN Mika Häkkinen
88%
32 1999 Barcelona McLaren FIN Mika Häkkinen
88%
33 2000 Barcelona McLaren FIN Mika Häkkinen
88%
10 1974 Jarama Ferrari AUT Niki Lauda
88%
43 2009 Barcelona Brawn GBR Jenson Button
87%
45 2010 Barcelona Red Bull AUS Mark Webber
87%
19 1988 Jerez McLaren FRA Alain Prost
84%
21 1990 Jerez Ferrari FRA Alain Prost
84%
24 1993 Barcelona Williams FRA Alain Prost
84%
11 1975 Montjuïc McLaren GER Jochen Mass
84%
25 1994 Barcelona Williams GBR Damon Hill
81%
4 1968 Jarama Lotus GBR Graham Hill
81%
40 2007 Barcelona Ferrari BRA Felipe Massa
79%
42 2008 Valencia Ferrari BRA Felipe Massa
79%
16 1981 Jarama Ferrari CAN Gilles Villeneuve
77%
29 1997 Barcelona Williams CAN Jacques Villeneuve
77%
1 1951 Pedralbes Alfa Romeo ARG Juan Manuel Fangio
76%
18 1987 Jerez Williams GBR Nigel Mansell
75%
22 1991 Barcelona Williams GBR Nigel Mansell
75%
23 1992 Barcelona Williams GBR Nigel Mansell
75%
44 2009 Valencia Brawn BRA Rubens Barrichello
75%
49 2012 Barcelona Williams VEN Pastor Maldonado
72%
8 1972 Jarama Lotus BRA Emerson Fittipaldi
68%
9 1973 Montjuïc Lotus BRA Emerson Fittipaldi
68%
12 1976 Jarama McLaren GBR James Hunt
67%
5 1969 Montjuïc Matra GBR Jackie Stewart
63%
6 1970 Jarama Matra GBR Jackie Stewart
63%
7 1971 Montjuïc Tyrrell GBR Jackie Stewart
63%
13 1977 Jarama Lotus USA Mario Andretti
52%
14 1978 Jarama Lotus USA Mario Andretti
52%
3 1967 Jarama Lotus GBR Jim Clark
49%
2 1954 Pedralbes Ferrari GBR Mike Hawthorn
25%
15 1979 Jarama Ligier FRA Patrick Depailler
5%
Keine übereinstimmenden Quizze gefunden
Verteilung der Resultate
Anzahl Personen mit jedem Resultat
Perzentil nach korrekt beantworteten Fragen
Ihre Resultats-Entwicklung
Sie haben dieses Quiz seit der letzten Aktualisierung nicht gespielt